000 00689nam a2200241Ia 4500
003 OSt
005 20220926014503.0
006 a|||||r|||| 00| 0
007 ta
008 220923b |||||||| |||| 00| 0 eng d
037 _cGeneral Book
040 _aRTL
_cRTL
_beng
041 _2eng
_aeng
082 _aX:8, K7
100 _aMcGregor Douglas
245 0 _aProfessional manager Ed by Caroline McGregor and
260 _aNew York
_bMcGraw-Hill
_c1967
300 _axvi, 202p.
_ccm.
500 _aReprinted : Calcutta, Scientific Book Agency, 1959
650 _aManagement
_930681
942 _hX:8, K7
_cGB
_2CC
999 _c629137
_d629137